000 00615pam a2200217 a 4500
001 3733184
005 20180129033148.0
008 810715s1981 nyua b 001 0 eng
010 _a 81011550
020 _a0471093580
040 _aDLC
_cDLC
_dDLC
041 _aeng
080 _a658.4 and
082 0 0 _a658.4 and
_219
100 _a54
101 _alid
245 0 0 _aPerspectives on organization design and behavior /
_cedited by Andrew H. Van de Ven and William F. Joyce.
504 _aIncludes bibliographies and indexes.
906 _a7
_bcbc
_corignew
_d1
_eocip
_f19
_gy-gencatlg
942 _2ddc
_cBK
999 _c41110
_d41110